000 01019nam a22002297a 4500
005 20170124110032.0
010 _aA-953399
020 _c250.00
035 _aA-953399
037 _bCen Lib/Ret
040 _aDPL
_bEN
082 _a338.6
_bSHA
100 _aShanta, N.
_921985
245 _aGrowth of firms in Indian manufacturing industry /
_cby N. Shanta
260 _aKerala
_bCentre For Development Studies
_c1994
270 _bTrivandrum
_aUlloor, Prasanth Nagar
_e695011
300 _a228p.
_c22cm(Hb)
500 _aIncludes bibliographical references and index
650 _aProduction -- India
_921986
650 _aManufacturing Industry -- India
_921987
942 _2ddc
_cEN
_h338.6
_mSHA
999 _c127943
_d127943